Представление документа в формате MARC21

Поле Инд. ПП Название Значение
Тип записи a
Библиографический уровень m
001 Контрольный номер fe703b21-d9ea-4389-a356-ea9c11fc5185
005 Дата корректировки 20140703134059.5
008 Кодируемые данные 050504
020 c Цена, тираж 45.00
020 a ISBN 5-8353-0153-7
040 a Служба первич. каталог. НБ ТвГУ
041 a Код языка текста rus
080 a Индекс УДК 517.977.5(075.8)
084 a Индекс другой классификации/Индекс ББК В183я73-1
090 x Авторский знак Д18
a Полочн. индекс В183
100 1_ a Автор Данилов Николай Николаевич
245 10 a Заглавие Основы математической теории оптимальных процессов
b Продолж. заглавия учеб. пособие
c Ответственность Н. Н. Данилов, В. В. Мешечкин
260 0_ a Место издания Кемерово
c Дата издания 2004
b Издательство Кузбассвузиздат
300 a Объем 217, [1] с.
b Иллюстрации/ тип воспроизводства ил.
440 a Серия Учебная литература КемГУ
504 a Библиография Библиогр.: с. 216-218.
583 a Действие Получение впервые 135 03.05.2005
k Исполнитель действия Обмен
650 a Основная рубрика Оптимальные процессы
x Основная подрубрика Математическая теория
653 a Ключевые слова Оптимальные процессы
700 1_ a Другие авторы Мешечкин Владимир Викторович
e Роль лиц авт.
852 t Порядковый номер экземпляра 1
p Инвентарный номер 805702
863 t 00074660
888 a Бесплатные
930 a Новая/Ретро учебники
952 p 135.2005 45.00 1 805702
c Вид литературы К ру
954 a Дата поступления на обработку 20050514
999 a Подразделение 2 Фил3